| 000 | 00322nam a2200133Ia 4500 | ||
|---|---|---|---|
| 008 | 230312s9999||||xx |||||||||||||| ||und|| | ||
| 082 |
_a658.8 _bMAR |
||
| 245 | 0 | _aMarketing Management | |
| 260 |
_bAIOU Islamabad _aIslamabad _c1988 |
||
| 300 | _a262 | ||
| 546 | _aEng. | ||
| 650 |
_aManagement _vwhat is marketing |
||
| 942 | _cBK | ||
| 999 |
_c391 _d391 |
||